[Event "Buenos Aires Szmetan/Giardelli-A"]
[Site "Buenos Aires"]
[Date "2019.12.05"]
[Round "5"]
[White "Delgado Ramirez, Neuris"]
[Black "Granda Zuniga, Julio E"]
[Result "1/2-1/2"]
[WhiteElo "2628"]
[BlackElo "2644"]
[PlyCount "27"]
[EventDate "2019.12.01"]
[EventType "tourn"]
[EventRounds "11"]
[EventCountry "ARG"]
[EventCategory "13"]
[SourceTitle "CBM 193 Extra"]
[Source "ChessBase"]
[SourceDate "2020.01.31"]
[SourceVersion "1"]
[SourceVersionDate "2020.01.31"]
[SourceQuality "1"]

1. e4 e5 2. Nf3 Nf6 3. Nxe5 d6 4. Nd3 Nxe4 5. Qe2 Qe7 6. Nf4 Nf6 7. Nc3 Bf5 8. Nfd5 Nxd5 9. Nxd5 Qxe2+ 10. Bxe2 Kd8 11. Ne3 Be6 12. d4 d5 13. 0-0 Nc6 14. c3 1/2-1/2

[Event "Florianopolis op 5th"]
[Site "Florianopolis"]
[Date "2019.01.26"]
[Round "9"]
[White "Felgaer, Ruben Alejandro"]
[Black "Granda Zuniga, Julio E"]
[Result "0-1"]
[WhiteElo "2567"]
[BlackElo "2641"]
[PlyCount "89"]
[EventDate "2019.01.21"]
[EventType "swiss"]
[EventRounds "10"]
[EventCountry "BRA"]
[SourceTitle "CBM 188 Extra"]
[Source "ChessBase"]
[SourceDate "2019.02.26"]
[SourceVersion "1"]
[SourceVersionDate "2019.02.26"]
[SourceQuality "1"]

1. e4 c6 2. Nc3 d5 3. Nf3 Bg4 4. h3 Bxf3 5. Qxf3 Nf6 6. d4 e6 7. Bd3 dxe4 8. Nxe4 Qxd4 9. Be3 Qe5 10. 0-0-0 Nd5 11. Bd2 g6 12. Rde1 Bg7 13. c3 Nd7 14. h4 Qc7 15. Bc2 Ne5 16. Qe2 b5 17. b3 0-0-0 18. h5 Nd7 19. Qf3 N7b6 20. g3 Qe7 21. Kb1 f5 22. Ng5 e5 23. g4 Bf6 24. Nxh7 Rxh7 25. hxg6 Rxh1 26. Qxf5+ Kb8 27. Rxh1 e4 28. Qxe4 Qc5 29. Rh3 Qxf2 30. Rd3 Qf1+ 31. Qe1 Qxe1+ 32. Bxe1 Rh8 33. g5 Bxg5 34. Bg3+ Kb7 35. Be5 Bf6 36. Bxf6 Nxf6 37. Rd6 Nbd7 38. a4 bxa4 39. b4 Kc7 40. Rd2 Nb6 41. Rf2 Nfd5 42. g7 Rh1+ 43. Ka2 Rg1 44. Rf7+ Kd6 45. Ka3 0-1

[Event "Florianopolis op 5th"]
[Site "Florianopolis"]
[Date "2019.01.26"]
[Round "8"]
[White "Granda Zuniga, Julio E"]
[Black "Proudian, Armen"]
[Result "1-0"]
[WhiteElo "2641"]
[BlackElo "2413"]
[PlyCount "65"]
[EventDate "2019.01.21"]
[EventType "swiss"]
[EventRounds "10"]
[EventCountry "BRA"]
[SourceTitle "CBM 188 Extra"]
[Source "ChessBase"]
[SourceDate "2019.02.26"]
[SourceVersion "1"]
[SourceVersionDate "2019.02.26"]
[SourceQuality "1"]

1. e4 e5 2. Nf3 Nc6 3. Bb5 a6 4. Ba4 Nf6 5. 0-0 Be7 6. Re1 b5 7. Bb3 0-0 8. h3 Bb7 9. d3 d5 10. exd5 Nxd5 11. Nxe5 Nxe5 12. Rxe5 Qd6 13. Re1 Rae8 14. Nd2 c5 15. Ne4 Qg6 16. Qg4 Qb6 17. Bg5 f5 18. Qh4 fxe4 19. Bxe7 Rxe7 20. Bxd5+ Bxd5 21. Qxe7 exd3 22. Qg5 Qc6 23. Re7 Bf7 24. cxd3 h6 25. Qe5 Qg6 26. Qxc5 Rd8 27. Re3 Rd5 28. Qc8+ Kh7 29. Rg3 Qd6 30. Rc1 Re5 31. a3 Re2 32. Qc3 Qf8 33. Re1 1-0

[Event "Florianopolis blitz op 5th"]
[Site "Florianopolis"]
[Date "2019.01.23"]
[Round "4"]
[White "De Melo, Jailson Jose"]
[Black "Granda Zuniga, Julio E"]
[Result "0-1"]
[WhiteElo "2122"]
[BlackElo "2586"]
[PlyCount "62"]
[EventDate "2019.01.23"]
[EventType "swiss (blitz)"]
[EventRounds "11"]
[EventCountry "BRA"]
[SourceTitle "CBM 188 Extra"]
[Source "ChessBase"]
[SourceDate "2019.02.26"]
[SourceVersion "1"]
[SourceVersionDate "2019.02.26"]
[SourceQuality "1"]

1. e4 c5 2. Nf3 Nc6 3. d4 cxd4 4. Nxd4 e6 5. Nxc6 bxc6 6. c4 Bc5 7. Bd3 Ne7 8. Nc3 e5 9. 0-0 0-0 10. Kh1 d6 11. f4 exf4 12. Bxf4 Ng6 13. Bg3 Ne5 14. Be2 Be6 15. b3 f6 16. Qd2 Bb4 17. a3 Ba5 18. Rfd1 Bc7 19. Rac1 Qe7 20. Na4 a5 21. c5 Rfd8 22. Qc3 Rab8 23. cxd6 Bxd6 24. Bxe5 Bxe5 25. Qxc6 Bxb3 26. Bc4+ Bxc4 27. Qxc4+ Kh8 28. Rxd8+ Rxd8 29. Nb6 Qxa3 30. Nd5 h6 31. Qb5 Qxc1+ 0-1

[Event "Florianopolis blitz op 5th"]
[Site "Florianopolis"]
[Date "2019.01.23"]
[Round "7"]
[White "Fier, Alexandr"]
[Black "Granda Zuniga, Julio E"]
[Result "1-0"]
[WhiteElo "2595"]
[BlackElo "2586"]
[PlyCount "55"]
[EventDate "2019.01.23"]
[EventType "swiss (blitz)"]
[EventRounds "11"]
[EventCountry "BRA"]
[SourceTitle "CBM 188 Extra"]
[Source "ChessBase"]
[SourceDate "2019.02.26"]
[SourceVersion "1"]
[SourceVersionDate "2019.02.26"]
[SourceQuality "1"]

1. e4 c6 2. d4 d5 3. e5 Bf5 4. h4 h5 5. Bd3 Bxd3 6. Qxd3 e6 7. Nf3 Nh6 8. Bxh6 Rxh6 9. 0-0 Be7 10. g3 Kf8 11. c4 dxc4 12. Qxc4 Nd7 13. Nc3 Nb6 14. Qb3 Rg6 15. Kh2 Qd7 16. Rac1 Rd8 17. Rfd1 Kg8 18. Qc2 Rg4 19. Qe2 Qc7 20. a3 Nd5 21. Ne4 Qb6 22. Rc2 Qb5 23. Qxb5 cxb5 24. Re1 Nb6 25. Rc7 Rd7 26. Rxd7 Nxd7 27. Nfg5 f5 28. f3 1-0

[Event "Florianopolis blitz op 5th"]
[Site "Florianopolis"]
[Date "2019.01.23"]
[Round "10"]
[White "Granda Zuniga, Julio E"]
[Black "Cubas, Jose Fernando"]
[Result "1-0"]
[WhiteElo "2586"]
[BlackElo "2586"]
[PlyCount "101"]
[EventDate "2019.01.23"]
[EventType "swiss (blitz)"]
[EventRounds "11"]
[EventCountry "BRA"]
[SourceTitle "CBM 188 Extra"]
[Source "ChessBase"]
[SourceDate "2019.02.26"]
[SourceVersion "1"]
[SourceVersionDate "2019.02.26"]
[SourceQuality "1"]

1. c4 Nf6 2. Nc3 d5 3. cxd5 Nxd5 4. Qc2 Nc6 5. Nf3 g6 6. a3 Bg7 7. e3 0-0 8. Be2 e5 9. d3 Be6 10. 0-0 Qe7 11. Bd2 Rad8 12. Rac1 Nb6 13. b4 f5 14. Rfd1 g5 15. Na4 g4 16. Ne1 Nxa4 17. Qxa4 Qf7 18. Rb1 a6 19. b5 axb5 20. Qxb5 Bd5 21. Nc2 f4 22. Bxg4 Qg6 23. e4 Ba2 24. Bf5 Rxf5 25. exf5 Qxf5 26. Rb2 Bd5 27. f3 Qg6 28. Kh1 b6 29. Bc3 Kh8 30. Re1 Rg8 31. Nb4 Nxb4 32. axb4 c6 33. Qxb6 Qxd3 34. Qc5 Bf6 35. Rf2 Bg7 36. h3 Qf5 37. b5 e4 38. fxe4 Bxe4 39. Bxg7+ Rxg7 40. Qxf5 Bxf5 41. bxc6 Rc7 42. Rxf4 Bg6 43. Rc1 Kg7 44. Rb4 Kf6 45. Rb7 Rc8 46. c7 Bf5 47. Rb8 Ke7 48. Rxc8 Bxc8 49. Rd1 Bd7 50. Kh2 Bc8 51. Kg3 1-0

[Event "Florianopolis op 5th"]
[Site "Florianopolis"]
[Date "2019.01.22"]
[Round "3"]
[White "Granda Zuniga, Julio E"]
[Black "Do Valle Cardoso, Lucas"]
[Result "1-0"]
[WhiteElo "2641"]
[BlackElo "2143"]
[PlyCount "69"]
[EventDate "2019.01.21"]
[EventType "swiss"]
[EventRounds "10"]
[EventCountry "BRA"]
[SourceTitle "CBM 188 Extra"]
[Source "ChessBase"]
[SourceDate "2019.02.26"]
[SourceVersion "1"]
[SourceVersionDate "2019.02.26"]
[SourceQuality "1"]

1. c4 Nf6 2. Nc3 d5 3. cxd5 Nxd5 4. Qc2 Nc6 5. Nf3 e5 6. Nxe5 Nxe5 7. Qe4 Nb4 8. Qxe5+ Be7 9. Qe4 0-0 10. a3 Nc6 11. e3 Re8 12. Qc2 Bd6 13. Be2 Qg5 14. g3 Bh3 15. d4 Rad8 16. Bd2 b5 17. Nxb5 Bg2 18. Rg1 Be4 19. Qa4 a6 20. Nc3 Qg6 21. Nxe4 Qxe4 22. Bc3 Ne7 23. Qxa6 Nd5 24. Qd3 Qe7 25. b4 Nxc3 26. Qxc3 Ra8 27. Kf1 Qe4 28. Bb5 c6 29. Bxc6 Rac8 30. b5 Qf5 31. a4 Qh3+ 32. Rg2 Re6 33. Kg1 Rh6 34. a5 Rh5 35. Qb3 1-0

[Event "Florianopolis op 5th"]
[Site "Florianopolis"]
[Date "2019.01.21"]
[Round "1"]
[White "Granda Zuniga, Julio E"]
[Black "Weise, William Ferreira"]
[Result "1-0"]
[WhiteElo "2641"]
[BlackElo "1778"]
[PlyCount "48"]
[EventDate "2019.01.21"]
[EventType "swiss"]
[EventRounds "10"]
[EventCountry "BRA"]
[SourceTitle "CBM 188 Extra"]
[Source "ChessBase"]
[SourceDate "2019.02.26"]
[SourceVersion "1"]
[SourceVersionDate "2019.02.26"]
[SourceQuality "1"]

1. e4 e6 2. Qe2 d5 3. exd5 Qxd5 4. Nc3 Qd8 5. g3 Nf6 6. Bg2 Be7 7. Nf3 Nd5 8. 0-0 0-0 9. d4 b6 10. Ne4 Bb7 11. Ne5 Qc8 12. c4 Nf6 13. Bg5 Nxe4 14. Bxe7 Re8 15. Ba3 Nd6 16. Bh3 Nd7 17. b3 Ne4 18. Qe3 c5 19. Nf3 Nd6 20. Qd3 e5 21. Ng5 e4 22. Qd2 Qc6 23. Qf4 h6 24. d5 Nb8 1-0

[Event "Antofagasta Zicosur op 4th"]
[Site "Antofagasta"]
[Date "2019.01.08"]
[Round "7"]
[White "Bolanos, Fernando"]
[Black "Granda Zuniga, Julio E"]
[Result "1/2-1/2"]
[WhiteElo "2231"]
[BlackElo "2641"]
[PlyCount "174"]
[EventDate "2019.01.04"]
[EventType "swiss"]
[EventRounds "10"]
[EventCountry "CHI"]
[SourceTitle "CBM 188 Extra"]
[Source "ChessBase"]
[SourceDate "2019.02.26"]
[SourceVersion "1"]
[SourceVersionDate "2019.02.26"]
[SourceQuality "1"]

1. e4 c5 2. Nf3 d6 3. c4 e5 4. Be2 Nc6 5. Nc3 g6 6. d3 Bg7 7. h4 h6 8. h5 g5 9. Nd2 Nd4 10. g4 Ne7 11. Nf1 a6 12. a4 Bd7 13. Ne3 0-0 14. 0-0 b5 15. Bd2 bxc4 16. dxc4 Rb8 17. Ra2 Bf6 18. Ncd5 Nec6 19. Qe1 Kg7 20. Bd1 Qc8 21. f3 Bd8 22. Rf2 Rb7 23. Bc3 Qb8 24. Bc2 Qa7 25. Kg2 f6 26. Bd1 Be6 27. Ra3 Rff7 28. b3 Qb8 29. Rb2 Bb6 30. Ra1 Qd8 31. Rab1 Rb8 32. b4 cxb4 33. Nxb4 Nxb4 34. Rxb4 Nc6 35. R4b2 Bc5 36. Rxb8 Nxb8 37. Nd5 Qc8 38. a5 Rb7 39. Bc2 Nc6 40. Rxb7+ Qxb7 41. Qb1 Qc8 42. Bd1 Kf7 43. Kf1 Nd4 44. Ke1 Bd7 45. Kd2 Bc6 46. Qb2 Ne6 47. Be2 Qa8 48. Nb6 Qb7 49. Nd5 Qa7 50. Kd1 Nf4 51. Bf1 Ne6 52. Be2 Nf8 53. Bb4 Nd7 54. Bc3 Qa8 55. Kd2 Qc8 56. Qa2 Nf8 57. Kd1 Ne6 58. Kd2 Nf4 59. Bf1 Bd7 60. Qb3 Be6 61. Qb1 Ba7 62. Qb4 Bc5 63. Qb1 Bd7 64. Qb3 Bc6 65. Kd1 Qd8 66. Kd2 Kg7 67. Qa2 Qd7 68. Qb3 Qa7 69. Kd1 Kf7 70. Nb6 f5 71. gxf5 Nxh5 72. Nd5 Nf6 73. Bd2 Nd7 74. f4 exf4 75. Qh3 Bxd5 76. Qh5+ Ke7 77. cxd5 Bb4 78. Bxb4 Qd4+ 79. Bd2 Nf6 80. Qxh6 Nxe4 81. f6+ Nxf6 82. Qxg5 Qa4+ 83. Ke2 Qe4+ 84. Kd1 Qb1+ 85. Ke2 Qe4+ 86. Kf2 Qd4+ 87. Ke2 Qe4+ 1/2-1/2

[Event "Antofagasta Zicosur op 4th"]
[Site "Antofagasta"]
[Date "2019.01.07"]
[Round "4"]
[White "Gomez Barrera, Javiera Belen"]
[Black "Granda Zuniga, Julio E"]
[Result "0-1"]
[WhiteElo "2084"]
[BlackElo "2641"]
[PlyCount "80"]
[EventDate "2019.01.04"]
[EventType "swiss"]
[EventRounds "10"]
[EventCountry "CHI"]
[SourceTitle "CBM 188 Extra"]
[Source "ChessBase"]
[SourceDate "2019.02.26"]
[SourceVersion "1"]
[SourceVersionDate "2019.02.26"]
[SourceQuality "1"]

1. e4 c5 2. Nf3 e6 3. d4 cxd4 4. Nxd4 a6 5. Bd3 Nf6 6. 0-0 d6 7. Qe2 Be7 8. c4 0-0 9. Nc3 Nc6 10. Nf3 b6 11. Bd2 Bb7 12. Rac1 Ra7 13. Rfd1 Qb8 14. h3 Ba8 15. Bf4 Nd7 16. a3 Rc8 17. b4 Nce5 18. Nxe5 Nxe5 19. Be3 Rac7 20. Na4 Rc6 21. b5 axb5 22. cxb5 Rxc1 23. Rxc1 Rxc1+ 24. Bxc1 g6 25. Be3 Nd7 26. Qb2 h5 27. Bd4 h4 28. Qc2 Bf8 29. Qc1 Be7 30. Qc2 Bd8 31. Qc1 Qb7 32. Qh6 e5 33. Bb2 d5 34. Nc3 Nc5 35. Bb1 d4 36. Nd5 Qd7 37. Ba2 Ne6 38. Qc1 Qxb5 39. Nb4 Qd7 40. Nd5 Bb7 0-1

[Event "Buenos Aires Szmetan Giardelli"]
[Site "Buenos Aires"]
[Date "2018.12.14"]
[Round "11"]
[White "Pichot, Alan"]
[Black "Granda Zuniga, Julio E"]
[Result "1/2-1/2"]
[WhiteElo "2562"]
[BlackElo "2650"]
[PlyCount "133"]
[EventDate "2018.12.04"]
[EventType "tourn"]
[EventRounds "11"]
[EventCountry "ARG"]
[EventCategory "13"]
[SourceTitle "CBM 187 Extra"]
[Source "ChessBase"]
[SourceDate "2018.11.04"]
[SourceVersion "1"]
[SourceVersionDate "2018.11.04"]
[SourceQuality "1"]

1. e4 e5 2. Nf3 Nc6 3. Bb5 Nf6 4. d3 Bc5 5. Nbd2 0-0 6. 0-0 Re8 7. c3 a6 8. Ba4 d5 9. Bb3 d4 10. Qc2 Ba7 11. cxd4 Bxd4 12. Ba4 Re6 13. a3 Nd7 14. Nb3 Ba7 15. Bxc6 Rxc6 16. Qe2 Rb6 17. Na5 Re6 18. b4 Nf8 19. Be3 Bxe3 20. Qxe3 b6 21. Nb3 Bb7 22. Rac1 Qe7 23. Rc3 Rd8 24. Qc1 Rd7 25. Qc2 Qd8 26. Rc1 Ree7 27. a4 g6 28. a5 Kg7 29. axb6 cxb6 30. g3 f6 31. h4 Ne6 32. Qe2 Rd6 33. Ne1 Qe8 34. Qa2 Qf7 35. Qe2 Nc7 36. Qe3 Nb5 37. Rc4 Red7 38. f3 Rd8 39. Qf2 Qe8 40. Qe3 Bc8 41. R4c2 Be6 42. Nd2 Nd4 43. Rc7+ R6d7 44. f4 Bf7 45. Rxd7 Rxd7 46. Ndf3 exf4 47. gxf4 Qd8 48. Rc3 a5 49. Nxd4 Rxd4 50. bxa5 bxa5 51. Nf3 Rb4 52. Rc6 Qd7 53. Rc2 a4 54. h5 a3 55. h6+ Kxh6 56. Qc5 Rb1+ 57. Kf2 Rb2 58. Rxb2 axb2 59. Qf8+ Kh5 60. Qg7 Be6 61. Qxf6 Kh6 62. Qxb2 Qxd3 63. Qe5 Qd7 64. Qf6 Qf7 65. Qe5 Bc8 66. Kg3 Qe6 67. Qxe6 1/2-1/2

[Event "Salamanca Uni 8th"]
[Site "Salamanca"]
[Date "2018.10.27"]
[Round "6"]
[White "Topalov, Veselin"]
[Black "Granda Zuniga, Julio E"]
[Result "1-0"]
[WhiteElo "2740"]
[BlackElo "2641"]
[PlyCount "43"]
[EventDate "2018.10.24"]
[EventType "tourn (rapid)"]
[EventRounds "7"]
[EventCountry "ESP"]
[EventCategory "10"]
[SourceTitle "CBM 187 Extra"]
[Source "ChessBase"]
[SourceDate "2018.11.04"]
[SourceVersion "1"]
[SourceVersionDate "2018.11.04"]
[SourceQuality "1"]

1. e4 c6 2. d4 d5 3. e5 Bf5 4. Nf3 e6 5. Be2 Ne7 6. c3 Nd7 7. 0-0 c5 8. dxc5 Nc6 9. Nd4 Bxb1 10. Rxb1 Bxc5 11. f4 0-0 12. Kh1 Rc8 13. Be3 Qe7 14. a3 a6 15. Bd3 g6 16. Qg4 Rc7 17. Qg3 Rfc8 18. Rbe1 Kh8 19. Qh3 Rg8 20. Bf2 Qd8 21. g4 Be7 22. Nf3 1-0

[Event "EU-Cup 34th"]
[Site "Porto Carras"]
[Date "2018.10.18"]
[Round "7.4"]
[White "Yuffa, Daniil"]
[Black "Granda Zuniga, Julio E"]
[Result "1-0"]
[WhiteElo "2563"]
[BlackElo "2641"]
[PlyCount "83"]
[EventDate "2018.10.12"]
[EventType "team-swiss"]
[EventRounds "7"]
[EventCountry "GRE"]
[SourceTitle "CBM 187"]
[Source "ChessBase"]
[SourceDate "2018.12.11"]
[SourceVersion "1"]
[SourceVersionDate "2018.12.11"]
[SourceQuality "1"]
[WhiteTeam "Molodezhka"]
[BlackTeam "Padova Obiettivo"]
[WhiteTeamCountry "RUS"]
[BlackTeamCountry "ITA"]

1. d4 Nf6 2. c4 e6 3. g3 d5 4. Bg2 Bb4+ 5. Bd2 Bd6 6. Nc3 c6 7. e4 Nxe4 8. Nxe4 dxe4 9. Bxe4 Nd7 10. Nf3 Nf6 11. Bc2 b6 12. Qe2 Bb7 13. 0-0-0 Qc7 14. Rhe1 0-0-0 15. Ne5 Rhf8 16. b4 Nd7 17. Nd3 c5 18. dxc5 bxc5 19. b5 e5 20. Kb1 f5 21. f3 g6 22. Nc1 Rde8 23. Nb3 Re6 24. Bc3 Rfe8 25. Qe3 Nb6 26. Na5 Ba8 27. Re2 Qe7 28. Red2 Bc7 29. Bb2 f4 30. Qa3 Bb8 31. Be4 Bxe4+ 32. fxe4 Qc7 33. gxf4 exf4 34. Qh3 Qf7 35. Nc6 Kc7 36. Nd8 Rxd8 37. Rxd8 Rxe4 38. Qd3 Qe6 39. Rh8 Kb7 40. Qd8 Bc7 41. Rxh7 Qc8 42. Qd6 1-0

[Event "EU-Cup 34th"]
[Site "Porto Carras"]
[Date "2018.10.13"]
[Round "2.2"]
[White "Abel, Dennes"]
[Black "Granda Zuniga, Julio E"]
[Result "0-1"]
[WhiteElo "2476"]
[BlackElo "2641"]
[PlyCount "70"]
[EventDate "2018.10.12"]
[EventType "team-swiss"]
[EventRounds "7"]
[EventCountry "GRE"]
[SourceTitle "CBM 187"]
[Source "ChessBase"]
[SourceDate "2018.12.11"]
[SourceVersion "1"]
[SourceVersionDate "2018.12.11"]
[SourceQuality "1"]
[WhiteTeam "Berlin SF"]
[BlackTeam "Padova Obiettivo"]
[WhiteTeamCountry "GER"]
[BlackTeamCountry "ITA"]

1. d4 Nf6 2. c4 e6 3. Nf3 b6 4. g3 Bb7 5. Bg2 Be7 6. 0-0 0-0 7. d5 exd5 8. Nh4 c6 9. cxd5 Nxd5 10. Nf5 Nc7 11. e4 Nba6 12. Nc3 Nc5 13. Bf4 Ne8 14. Qg4 Ne6 15. Rfd1 Kh8 16. Rd2 Nxf4 17. gxf4 d6 18. e5 d5 19. Nd4 f5 20. Qh3 Nc7 21. Re1 Bc5 22. Nb3 Ne6 23. Nxc5 bxc5 24. Qg3 Qb6 25. a3 Rad8 26. Qh4 c4 27. Re3 d4 28. Rh3 h6 29. Ne2 c5 30. Rg3 c3 31. bxc3 d3 32. Nc1 Bxg2 33. Kxg2 c4 34. Kh3 Rf7 35. Rd1 Qxf2 0-1

[Event "Caioba Telecom op"]
[Site "Caioba"]
[Date "2018.08.02"]
[Round "3"]
[White "Granda Zuniga, Julio E"]
[Black "Souza, Gustavo Horokoski"]
[Result "1-0"]
[WhiteElo "2631"]
[BlackElo "1944"]
[PlyCount "65"]
[EventDate "2018.08.01"]
[EventType "swiss"]
[EventRounds "9"]
[EventCountry "BRA"]
[SourceTitle "CBM 186 Extra"]
[Source "ChessBase"]
[SourceDate "2018.08.24"]
[SourceVersion "1"]
[SourceVersionDate "2018.08.24"]
[SourceQuality "1"]

1. d4 d5 2. Bf4 Nf6 3. e3 e6 4. Bd3 c5 5. c3 Nc6 6. Nd2 Bd6 7. Bg3 0-0 8. f4 Bd7 9. Ngf3 Ne7 10. Ne5 Bc6 11. Bh4 Nf5 12. Bxf6 Qxf6 13. Qf3 cxd4 14. exd4 Qe7 15. 0-0 f6 16. Nxc6 bxc6 17. b4 a5 18. b5 cxb5 19. Bxf5 exf5 20. Qxd5+ Kh8 21. Rf3 b4 22. Nc4 Bc7 23. Qxf5 bxc3 24. Rxc3 Rfd8 25. Rd3 g6 26. Qg4 Qe4 27. Rad1 Rac8 28. Qf3 Qf5 29. d5 Bxf4 30. Nxa5 Rc2 31. Nc6 Rxd5 32. Rxd5 Bxh2+ 33. Kh1 1-0

[Event "ITA-chT 50th"]
[Site "Gallipoli"]
[Date "2018.04.28"]
[Round "3.2"]
[White "Krasenkow, Michal"]
[Black "Granda Zuniga, Julio E"]
[Result "1/2-1/2"]
[WhiteElo "2626"]
[BlackElo "2640"]
[PlyCount "41"]
[EventDate "2018.04.27"]
[EventType "team-swiss"]
[EventRounds "7"]
[EventCountry "ITA"]
[SourceTitle "CBM 184 Extra"]
[Source "ChessBase"]
[SourceDate "2018.06.28"]
[SourceVersion "1"]
[SourceVersionDate "2018.06.28"]
[SourceQuality "1"]
[WhiteTeam "Partenopea"]
[BlackTeam "Padova Obiettivo"]
[WhiteTeamCountry "ITA"]
[BlackTeamCountry "ITA"]

1. d4 d5 2. c4 e6 3. Nc3 Be7 4. Nf3 Nf6 5. Bg5 0-0 6. cxd5 exd5 7. e3 Re8 8. Bd3 Nbd7 9. 0-0 Nf8 10. Qc2 g6 11. b4 Ne6 12. Bxf6 Bxf6 13. Qb3 c6 14. b5 c5 15. Nxd5 cxd4 16. Nxf6+ Qxf6 17. Nxd4 Nxd4 18. exd4 Qxd4 19. Bc4 Be6 20. Bxe6 Rxe6 21. Rad1 1/2-1/2

[Event "ITA-chT 50th"]
[Site "Gallipoli"]
[Date "2018.04.27"]
[Round "1.1"]
[White "Granda Zuniga, Julio E"]
[Black "Lettieri, Giuseppe"]
[Result "0-1"]
[WhiteElo "2640"]
[BlackElo "2426"]
[PlyCount "80"]
[EventDate "2018.04.27"]
[EventType "team-swiss"]
[EventRounds "7"]
[EventCountry "ITA"]
[SourceTitle "CBM 184 Extra"]
[Source "ChessBase"]
[SourceDate "2018.06.28"]
[SourceVersion "1"]
[SourceVersionDate "2018.06.28"]
[SourceQuality "1"]
[WhiteTeam "Padova Obiettivo"]
[BlackTeam "Le Due Torri Volvo"]
[WhiteTeamCountry "ITA"]
[BlackTeamCountry "ITA"]

1. c4 e5 2. Nc3 Nf6 3. g3 d5 4. cxd5 Nxd5 5. Bg2 Nb6 6. b3 Be7 7. Bb2 0-0 8. Rc1 f5 9. d3 Bf6 10. Nf3 Nc6 11. 0-0 Nd4 12. Ne1 c6 13. e3 Ne6 14. f4 exf4 15. gxf4 Nc7 16. Qd2 a5 17. Nd1 a4 18. Bxf6 Rxf6 19. b4 Rd6 20. Nf2 Be6 21. Nf3 Kh8 22. Ng5 Qg8 23. Nxe6 Qxe6 24. Rfe1 Rad8 25. Kh1 a3 26. Rc5 Nc4 27. Qc2 Nb2 28. d4 Rxd4 29. Rxf5 Rd2 30. Rf8+ Rxf8 31. Qxd2 Qxa2 32. Ne4 Qd5 33. Qc2 Qc4 34. Qb1 Qd3 35. Qa2 Nd5 36. Nd6 Qc3 37. Ra1 Qxe3 38. Nxb7 Nxb4 39. Qxa3 N2d3 40. Bxc6 Qxf4 0-1

[Event "Florianopolis op 4th"]
[Site "Florianopolis"]
[Date "2018.01.22"]
[Round "5"]
[White "Fier, Alexandr"]
[Black "Granda Zuniga, Julio E"]
[Result "1/2-1/2"]
[WhiteElo "2557"]
[BlackElo "2657"]
[PlyCount "31"]
[EventDate "2018.01.19"]
[EventType "swiss"]
[EventRounds "10"]
[EventCountry "BRA"]
[SourceTitle "EXT 2019"]
[Source "ChessBase"]
[SourceDate "2018.10.10"]
[SourceVersion "1"]
[SourceVersionDate "2018.10.10"]
[SourceQuality "1"]

1. d4 Nf6 2. c4 e6 3. Nc3 Bb4 4. Qc2 0-0 5. Nf3 d6 6. Bg5 Nbd7 7. e3 e5 8. Be2 Re8 9. a3 Bxc3+ 10. Qxc3 Qe7 11. Qc2 Nf8 12. 0-0 h6 13. Bh4 Ng6 14. Bg3 Nh5 15. Rac1 Nxg3 16. hxg3 1/2-1/2

[Event "Florianopolis op 4th"]
[Site "Florianopolis"]
[Date "2018.01.20"]
[Round "2"]
[White "Granda Zuniga, Julio E"]
[Black "Reinaldo Dos Santos, Julio"]
[Result "1-0"]
[WhiteElo "2657"]
[BlackElo "1960"]
[PlyCount "93"]
[EventDate "2018.01.19"]
[EventType "swiss"]
[EventRounds "10"]
[EventCountry "BRA"]
[SourceTitle "CBM 182 Extra"]
[Source "ChessBase"]
[SourceDate "2018.02.23"]
[SourceVersion "1"]
[SourceVersionDate "2018.02.23"]
[SourceQuality "1"]

1. e4 d6 2. d4 Nf6 3. Nc3 g6 4. f4 Bg7 5. Nf3 0-0 6. Be3 Ng4 7. Bg1 a6 8. h3 Nf6 9. e5 Nfd7 10. Qe2 c5 11. dxc5 Nxc5 12. 0-0-0 Qa5 13. Kb1 Nc6 14. Qe3 Na4 15. Nxa4 Qxa4 16. a3 Bf5 17. Bd3 Bxd3 18. Rxd3 Rac8 19. Bh2 Na5 20. Qe2 dxe5 21. fxe5 b5 22. Rhd1 Nc4 23. Rd4 Rc6 24. Re4 Rfc8 25. Nd4 Rc5 26. Nb3 R5c6 27. Rdd4 f6 28. exf6 Bxf6 29. Be5 Bxe5 30. Rxe5 Nxe5 31. Rxa4 bxa4 32. Nd4 Rc5 33. Qxa6 Nc4 34. Qxa4 e5 35. Nb3 Rd5 36. Qa6 Rdd8 37. a4 Re8 38. a5 e4 39. Nd4 e3 40. b3 Nd2+ 41. Kb2 Rc7 42. Qd6 Rce7 43. a6 Ne4 44. Qc6 Rd8 45. a7 Ree8 46. Ne6 Ng5 47. Nxd8 1-0

[Event "Wch Seniors 50 27th"]
[Site "Acqui Terme"]
[Date "2017.11.12"]
[Round "6"]
[White "Antonio, Rogelio Jr"]
[Black "Granda Zuniga, Julio E"]
[Result "1/2-1/2"]
[WhiteElo "2431"]
[BlackElo "2650"]
[PlyCount "112"]
[EventDate "2017.11.07"]
[EventType "swiss"]
[EventRounds "11"]
[EventCountry "ITA"]
[SourceTitle "CBM 181 Extra"]
[Source "ChessBase"]
[SourceDate "2017.12.12"]
[SourceVersion "1"]
[SourceVersionDate "2017.12.12"]
[SourceQuality "1"]

1. e4 c5 2. Nf3 e6 3. c3 Nf6 4. e5 Nd5 5. g3 Nc6 6. Bg2 d6 7. exd6 Bxd6 8. 0-0 0-0 9. d4 b6 10. c4 Nde7 11. Nc3 Bb7 12. dxc5 Bxc5 13. Ne4 Nf5 14. g4 Nfd4 15. Nxc5 bxc5 16. Nxd4 cxd4 17. b3 Qd7 18. f4 Rad8 19. Bb2 Rfe8 20. Qf3 f6 21. Rad1 Na5 22. Qg3 Bxg2 23. Qxg2 Nc6 24. g5 fxg5 25. fxg5 a5 26. Qe4 e5 27. Ba3 Qe6 28. Bc5 Nb4 29. Bxb4 axb4 30. Rf5 Rd7 31. h4 Rf7 32. Rxf7 Qxf7 33. Rf1 Qd7 34. c5 d3 35. c6 Qa7+ 36. Kh1 Qc5 37. Qxd3 Qxc6+ 38. Kg1 e4 39. Qc4+ Qxc4 40. bxc4 e3 41. Rc1 Ra8 42. c5 Rxa2 43. c6 Ra8 44. Kf1 Kf7 45. c7 Rc8 46. Ke2 Kg6 47. Kxe3 b3 48. Rc4 b2 49. Rb4 Rxc7 50. Rxb2 Kh5 51. Rb4 Rf7 52. Ke2 g6 53. Ra4 Rf5 54. Rb4 h6 55. gxh6 Kxh6 56. Ra4 g5 1/2-1/2